| 000 | 02308nam0a2200349 4500 | ||
|---|---|---|---|
| 001 | RU\NLR\BIBL_A\012062846 | ||
| 005 | 20190809095425.0 | ||
| 010 |
_a978-5-4424-0344-2 _950 |
||
| 021 |
_aRU _bКН-П-19-049156 _9КН-П-19-3569 |
||
| 035 | _a(NLR Aleph) 012062846 | ||
| 035 | _a(RuMoRGB)010028860 | ||
| 090 |
_a11715159 _c11715159 |
||
| 100 | _a20190724d2018 k y0rusy50 ca | ||
| 101 | 0 | _arus | |
| 102 | _aRU | ||
| 105 | _ay|||zzzz100zy | ||
| 200 | 1 |
_aСборник трудов "Пути сохранения репродуктивного здоровья семьи" в рамках научно-практической конференции "Актуальные проблемы детского и женского здоровья", 18 мая 2018 г., Астрахань _fФедеральное государственное бюджетное учреждение высшего образования Астраханский государственный медицинский университет Министерства здравоохранения России _g[редакционная коллегия: О. А. Башкина, С. П. Синчихин] |
|
| 210 |
_aАстрахань _cИзд-во Астраханского ГМУ _d2018 |
||
| 215 |
_a55 с. _d21 |
||
| 320 | _aБиблиогр. в конце ст. | ||
| 606 | 1 |
_aЖенщины _jСъезды, совещания и т.п _xРепродуктивное здоровье _92204735 _3RU\NLR\AUTH\661324675 |
|
| 606 | 1 |
_aПеринатальная патология _jСъезды, совещания и т.п _9931993 _3RU\NLR\AUTH\6624778 |
|
| 686 | 1 | _aР71я431(2) | |
| 686 | 1 | _aР733.2я431(2) | |
| 702 | 1 |
_aБашкина _bО. А. _gОльга Александровна _4340 |
|
| 711 | 1 | 2 |
_a"Актуальные проблемы детского и женского здоровья", научно-практическая конференция _eАстрахань _f2018 _9672407 _3RU\NLR\AUTH\880506228 |
| 942 | _cBOOK | ||
| 980 | _aNBR | ||
| 980 | _aNB | ||